One Piece - General Knowledge #2 - Statistics

General Stats
  • This quiz has been taken 1,594 times
  • The average score is 15 of 20
Answer Stats
Hint Answer % Correct
Number of siblings Sanji has 4
96%
Member of the Strawhats who was a Shichibukai Jinbe
96%
Known as the "Surgeon of Death" Trafalgar D. Water Law
95%
Member of the Strawhats; defeated both Perona and Sugar Usopp
95%
Name of the floating restaurant on the East Blue Baratie
92%
Island in the New World which is half fire and half ice Punk Hazard
89%
Princess of the Arabasta Kingdom Nefertari D. Vivi
88%
Island of the old Marine headquarters where the Summit war took place Marineford
79%
Former captain of the Sun Pirates who was killed by humans Fisher Tiger
78%
Island on the Calm Belt; territory of the "Snake Princess" Boa Hancock Amazon Lily
74%
Name of Kaido's pirate crew Beasts Pirates
73%
How the descendants of the founders of the World Government are called Celestial Dragons
71%
Huge, carnivorous monsters living in the seas, especially the Calm Belt Sea Kings
70%
Archipelago which is the territory of Big Mom Totto Land
64%
Mineral which drains Devil fruit user of their power when they touch it Seastone
63%
Devil fruit eaten by Sabo and Portgas D. Ace Mera Mera no Mi
62%
Oldest of them ^ Vinsmoke Reiju
62%
Supernova with the lowest bounty pre-timeskip "Mad Monk" Urouge
60%
Transformation used by the Mink tribe after looking at the full moon Sulong
54%
First non-living object to eat a Devil fruit; pet of Baroque Works Lassoo
22%
No matching quizzes found
Score Distribution
Percent of People with Each Score
Percentile by Number Answered
Your Score History
You have not taken this quiz